000 00610nam a2200229Ia 4500
003 IIN
005 20251201114317.0
008 250924s2024 xx 000 0 eng d
020 _cRs.475.00
_a9789354668777
040 _aIIN
_bEnglish
082 _a615.1
_bSIN
100 1 _aSingh, Meharban
245 1 _aDrug Dosages in Children
_c by Meharban Singh & Ashok K. Deorari
250 _a11th ed
260 _bCBS
_aNew Delhi
_c2024
300 _axx, 260p.
650 1 _aDrug
_vin Children
650 1 _aMedicine
_vfor Children
650 1 _aPediatric
_vDrug
700 1 _aDeorari, Ashok K.
942 _cREF
999 _c1878
_d1878